000 00561cam a2200181 4500500
005 20260405000750.0
041 _afre
042 _adc
100 1 0 _aDuru, Martin
_eauthor
245 0 0 _a"le premier venuĀ ; BaudelaireĀ : solitude et complot"
260 _c2009.
500 _a95
690 _aBaudelaire
690 _aBenjamin
690 _aPierre Pachet
786 0 _nPhilosophie magazine | 30 | 6 | 2009-06-01 | p. 47-47 | 1951-1787
856 4 1 _uhttps://shs.cairn.info/magazine-philosophie-magazine-2009-6-page-47?lang=fr&redirect-ssocas=7080
999 _c2040614
_d2040614